Statistics for Players Who Have Scored 2 Or More Hat-tricks In Champions League

Click here to take the quiz!

General Stats

  • This quiz has been taken 60 times
  • The average score is 9 of 18

Answer Stats

Hatricks (Nationality)Answer% Correct
7 ArgentinaMessi
100%
7 PortugalRonaldo
100%
2 Ivory CoastDrogba
93%
2 PolandLewandowski
86%
2 CameroonEto'o
82%
2 UkraineShevchenko
79%
2 NetherlandsVan Nistelrooy
63%
2 ArgentinaAguero
55%
2 EnglandOwen
55%
3 ItalyInzaghi
52%
2 FranceBenzema
46%
3 GermanyGomez
32%
2 EnglandCole
21%
2 BrazilAdriano
16%
2 NetherlandsMakaay
16%
3 BrazilLuiz Adriano
9%
2 ItalySimone
2%
2 SpainSoldado
2%

Score Distribution

Percentile by Number Answered

Percent of People with Each Score

Your Score History

You have not taken this quiz